Efektívna technológia dokončovania vagónových náprav : Diplomová práca

Gespeichert in:
Bibliographische Detailangaben
1. Verfasser: Uhlík, Branislav (Verfasst von)
Weitere Verfasser: Hladký, Viktor (xxx)
Format: Manuskript Buch
Sprache:Slowakisch
Veröffentlicht: Trnava : STU v Bratislave MtF KOOS , 1990
Schlagworte:
Tags: Tag hinzufügen
Keine Tags, Fügen Sie das erste Tag hinzu!

MARC

LEADER 00000ntm a22000003a 4500
001 stu85962
005 20160719154821.5
008 040420s1990----xo------------------slo-d
040 |a STU  |b slo 
041 0 |a slo 
044 |a xo 
100 1 |a Uhlík, Branislav  |4 aut 
245 1 |a Efektívna technológia dokončovania vagónových náprav :  |b Diplomová práca 
260 |a Trnava :  |b STU v Bratislave MtF KOOS ,  |c 1990 
300 |a 59 s  |c príl 
650 7 |a Strojárska technológia-obrábanie  |2 stusub 
700 1 |a Hladký, Viktor  |4 xxx 
996 |b 284M054275  |c M*DP-2235  |l MMSKP  |s P  |a 0  |w stu85962_0001